30 Grad Ost Meridian Länder - Statistiken

Allgemein
  • Dieses Quiz wurde 60 mal gespielt
  • Das Durchschnittsergebnis liegt bei 15 aus 20
Antwortstatistiken
Grad Land % Korrekt
Russland
98%
Türkei
96%
Ukraine
91%
Ägypten
89%
Sudan
87%
Südsudan
83%
Südafrika
77%
Dem Rep Kongo
72%
Finnland
72%
Weißrussland
72%
Uganda
70%
0.20° Mosambik
68%
Sambia
68%
Simbabwe
68%
Tansania
68%
Ruanda
64%
0.29° Rumänien
64%
Burundi
60%
Moldawien
57%
Norwegen
53%
Keine übereinstimmenden Quizze gefunden
Verteilung der Resultate
Anzahl Personen mit jedem Resultat
Perzentil nach korrekt beantworteten Fragen
Ihre Resultats-Entwicklung
Sie haben dieses Quiz noch nicht gespielt